000 00406nam a2200181Ia 4500
001 14319
005 20260306164905.0
008 260306t1992||||xx |||||||||||||| ||spa||
041 _aESP
082 _a511.3
_bL66
100 _aLipschutz, Seymour
_eAUT
245 0 _aMatemáticas para computación
260 _c1992
300 _a
_c
650 _aGEN
654 _aCMA
942 _cLIB
_dJUS
_fJUS
_2ddc
_n
999 _c14319
_d14319